| 000 | 00928nam a22002177a 4500 | ||
|---|---|---|---|
| 999 |
_c2164 _d2164 |
||
| 003 | AR-CdUCM | ||
| 008 | 190304b ||||| |||| 00| 0 spa d | ||
| 040 |
_aMUNICIPALIDAD PROVINCIAL DEL CUSCO _cBIBLIOTECA MUNICIPAL DEL CUSCO |
||
| 082 |
_a985.61 / _bAL35 |
||
| 100 |
_aAlatrista Bustamante, Germán _97807 |
||
| 245 | _aCusco mio Cusco siempre / | ||
| 260 |
_aCusco : _bUniversitaria de la UNSAAC, _c1987. |
||
| 300 |
_a103 páginas ; _c20 cm. |
||
| 500 | _aantes del titulo, Publicación en Homenaje al Tricentenario de la fundación de la Universidad Nacional de San Antonio Abad del Cusco 1692 - 1992 | ||
| 505 | _aContenido: Cusco omnipresente y eterno -- La reina de la casa del diablo -- El guerrillero del Imperio -- El Arquitecto del Inca -- La Cusqueña que derroto a los Cinchis ... | ||
| 650 |
_aReportaje _94424 |
||
| 650 |
_aPeriodismo _91929 |
||
| 650 |
_aCusco _9772 |
||
| 942 |
_2ddc _cLIBROS |
||
| 945 | _aachl | ||